| 000 | 01599cam a2200361 i 4500 | ||
|---|---|---|---|
| 999 |
_c46675 _d46675 |
||
| 001 | 768714001 | ||
| 003 | CO-MdFUSB | ||
| 005 | 20201029133230.0 | ||
| 008 | 161018t1982 xxuhobdf |||| 00| 0 eng d | ||
| 020 | _a080062100X | ||
| 020 | _a0800621018 | ||
| 040 |
_aCO-MdFUSB _bEspañol _cCO-MdFUSB _dCO-MdFUSB _erda |
||
| 041 | _aeng | ||
| 082 |
_224 _a225.1 _bK867in |
||
| 100 | 1 |
_aKoester, Helmut _eautor |
|
| 245 | 0 | 0 |
_aIntroduction to the New Testament _c/ Helmut Koester ; traducido por Helmut Köster |
| 264 | 1 |
_aPhiladelphia, Pennsylvania : _bFortress Press, _c[1982] |
|
| 264 | 4 | _c© 1982 | |
| 300 |
_a2 volúmenes _bilustraciones _c; 24 cm |
||
| 336 |
_2rdacontent _atexto _btxt |
||
| 337 |
_2rdamedia _asin mediación _bn |
||
| 338 |
_2rdacarrier _avolumen _bnc |
||
| 490 | _aHermeneia foundations and facets | ||
| 504 | _aIncluye índices | ||
| 505 | 0 | _aVolumen 1: Historia, cultura, y religión del tiempo helenístico - Estudio histórico - Sociedad y economía - Educación, lengua y literatura - Filosofía y religión - El judaísmo en el período helenístico - El Imperio Romano como el heredero del helenismo | |
| 505 | _aVolumen 2: Historia y literatura del cristianismo temprano - Las fuentes para la historia del cristianismo primitivo - Desde Juan el Bautista hasta la iglesia primitiva - Pablo - Palestina y Siria - Egipto - Asia Menor, Grecia y Roma | ||
| 563 | _aPasta dura | ||
| 630 | 0 | 7 |
_aBiblia. _pNuevo Testamento _vIntroducciones. |
| 700 | 1 |
_9628 _aKoester, Helmut _d1926-2016 _etraductor |
|
| 942 | _cBK | ||
| 945 | _aJTF-925 | ||